| 000 | 00587nam a22002057a 4500 | ||
|---|---|---|---|
| 999 |
_c8189 _d8189 |
||
| 003 | GBCCL | ||
| 005 | 20241126110645.0 | ||
| 008 | 190710b ||||| |||| 00| 0 eng d | ||
| 040 | _cgbc | ||
| 082 |
_a954.004954 _bHAO |
||
| 100 |
_aHaokip, P S _914253 |
||
| 245 |
_aZale'n-gam : _bthe land of the Kukis |
||
| 250 | _a2nd ed. | ||
| 260 |
_aZale'n-gam : _bKuki National Organisation, _c1996. |
||
| 300 | _a96p. ; | ||
| 650 |
_aKuki Chin (South Asian people) -- History. _914254 |
||
| 650 |
_aEthnology -- India. _914255 |
||
| 650 |
_aEthnology -- Burma. _914256 |
||
| 942 |
_2ddc _cARCH |
||